| 000 | 01092cam a2200313 a 4500 | ||
|---|---|---|---|
| 001 | 16992385 | ||
| 005 | 20141113103540.0 | ||
| 008 | 111004t2013 xxua frbd 001 0 eng d | ||
| 010 | _a2011041570 | ||
| 020 | _a9781582558776 (alk. paper) | ||
| 020 | _a1582558779 | ||
| 040 |
_aDNLM/DLC _cDLC _dDLC _dEG-ScBUE |
||
| 082 | 0 | 0 |
_a617.0231 _222 _bFOC |
| 245 | 0 | 0 |
_aFocus on adult health : _bmedical-surgical nursing / _c[edited by] Linda Honan Pellico. |
| 250 | _a1st ed. | ||
| 260 |
_aPhiladelphia, United States : _bWolters Kluwer Health / Lippincott Williams & Wilkins, _cc.2013. |
||
| 300 |
_axxviii, 1577 p. : _bill. (col.) ; _c29 cm. |
||
| 500 | _aIncludes appendixes. | ||
| 500 | _aGlossary : p. 1467-1493. | ||
| 500 | _aIndex : p. 1501-1573. | ||
| 504 | _aIncludes bibliographical references. | ||
| 650 | 2 | 2 |
_aPerioperative Nursing _xmethods _936283 |
| 650 | 2 | 2 |
_aNursing Care _xmethods _928926 |
| 650 | 0 |
_aNursing Process _94471 |
|
| 653 |
_bNNUR _cNovember2014 |
||
| 655 |
_vreading book _934232 |
||
| 700 | 1 |
_aPellico, Linda Honan _936516 _eeditor. |
|
| 942 |
_2ddc _k617.0231 FOC |
||
| 999 |
_c18609 _d18581 |
||